| 000 | 00797cab a2200253 4500 | ||
|---|---|---|---|
| 001 | WB3502-14 | ||
| 008 | 090401t1999 xxu||||| |||| 00| 0 eng d | ||
| 035 | _a(Sirsi) u90632 | ||
| 041 | _aeng | ||
| 245 | _aEuro puts pressure on UK lease structure | ||
| 260 | _c1999 | ||
| 350 | _a0 | ||
| 490 |
_aProperty Week _v64(1) 8 January 1999, 4(1) |
||
| 520 | _aAssesses the effect of the Euro on the European property market including calls for reform of the UK leasing structure to bring it into line with the rest of Europe. | ||
| 650 | _aCOMMERCIAL LEASES | ||
| 650 | _aEURO | ||
| 650 | _aHARMONISATION | ||
| 650 | _aLEASE REFORM | ||
| 650 | _aREFORM | ||
| 650 | _aSINGLE EUROPEAN CURRENCY | ||
| 690 | _aLANDLORD AND TENANT - BUSINESS TENANCIES | ||
| 942 | _n0 | ||
| 948 | _c12/01/1999 | ||
| 999 |
_c57468 _d57468 |
||